Wszystkie kluby piłkarskie ze Stambułu - Statystyki

Ogólne statystyki
  • Ten quiz został rozwiązany 50 razy
    33 od ostatniego zresetowania
  • Średni wynik to 3 z 11
Statystyki odpowiedzi
Liga Nazwa klubu % Poprawnych
Super Lig Besiktas
90%
Super Lig Galatasaray
76%
Super Lig Fenerbahce
57%
Super Lig Basaksehir
43%
Super Lig Kasimpasa
29%
1. Lig Istanbulspor
19%
1. Lig Fatih Karagumruk
14%
1. Lig Pendikspor
10%
Super Lig Eyupspor
5%
1. Lig Umraniyespor
5%
1. Lig Erokspor
0%
Nie znaleziono quizów pasujących do podanych kryteriów
Rozkład punktacji
Procent ludzi z każdym wynikiem
Percentyl według liczby udzielonych odpowiedzi
Twoja historia wyników
Nie rozwiązałeś tego quizu od ostatniego zresetowania